000 00393nam a22001697a 4500
005 20180206125405.0
008 160624b xxu||||| |||| 00| 0 eng d
020 _a81-7656-000-6
041 _aeng
082 _b9524
_a005.3
100 _aHill, Steve
_92655
245 _aOffice 97
260 _bBPB
_c1998
_anew delhi
300 _a152
650 _aInformation Technology
_9137
942 _cBK
999 _c3826
_d3825